2024 NBA Draft Round 1 Picks - Statistics

General Stats
  • This quiz has been taken 515 times
  • The average score is 18 of 30
Answer Stats
Pick Player Team % Correct
2 Alexandre Sarr Washington Wizards
97%
1 Zaccharie Risacher Atlanta Hawks
92%
3 Reed Sheppard Houston Rockets
90%
4 Stephon Castle San Antonio Spurs
90%
9 Zach Edey Memphis Grizzlies
87%
8 Rob Dillingham San Antonio Spurs
81%
7 Donovan Clingan Portland Trail Blazers
78%
17 Dalton Knecht Los Angeles Lakers
76%
11 Matas Buzelis Chicago Bulls
76%
5 Ron Holland Detroit Pistons
75%
16 Jared McCain Philadelphia 76ers
74%
10 Cody Williams Utah Jazz
71%
12 Nikola Topić Oklahoma City Thunder
62%
6 Tidjane Salaun Charlotte Hornets
62%
15 Kel'el Ware Miami Heat
58%
14 Carlton Carrington Washington Wizards
56%
13 Devin Carter Sacramento Kings
51%
23 AJ Johnson Milwaukee Bucks
49%
18 Tristan da Silva Orlando Magic
49%
21 Yves Missi New Orleans Pelicans
47%
29 Isaiah Collier Utah Jazz
46%
28 Ryan Dunn Denver Nuggets
41%
24 Kyshawn George New York Knicks
37%
27 Terrence Shannon Jr. Minnesota Timberwolves
37%
30 Baylor Scheierman Boston Celtics
35%
19 Ja'Kobe Walter Toronto Raptors
34%
25 Pacôme Dadiet New York Knicks
33%
22 DaRon Holmes II Phoenix Suns
30%
20 Jaylon Tyson Cleveland Cavaliers
29%
26 Dillon Jones Washington Wizards
24%
No matching quizzes found
Score Distribution
Percent of People with Each Score
Percentile by Number Answered
Your Score History
You have not taken this quiz